| 000 | 01168nam a2200349Ia 4500 | ||
|---|---|---|---|
| 005 | 20220317001441.0 | ||
| 008 | 161108s2008 ag g 000 p sp | ||
| 020 | _a9789879396148 | ||
| 100 | 1 |
_aBrecht, Bertolt _d1898-1956 |
|
| 245 | 1 | 0 |
_a80 poemas y canciones _cBertold Brecht ; traducción y selección de Jorge Hacker |
| 250 | _a3a. edición | ||
| 300 |
_a194 páginas _c20 cm |
||
| 490 | _aEl otro lado. Poesía | ||
| 546 | _aTexto bilingüe : español y alemán | ||
| 650 | 1 | 4 |
_2LEMB _aPoesía alemana _ySiglo XIX |
| 650 | 1 | 4 |
_2LEMB _aLiteratura alemana _ySiglo XIX |
| 650 | 1 | 4 |
_2LEMB _aAmor _vPoesia |
| 650 | 1 | 4 |
_2LEMB _aRecuerdos _vPoesía |
| 650 | 1 | 4 |
_2LEMB _aMúsica _vPoesía |
| 650 | 1 | 4 |
_2LEMB _aDios _vPoesía |
| 650 | 1 | 4 |
_2LEMB _aCampesinos _vPoesía |
| 650 | 1 | 4 |
_2LEMB _aBien y mal _vPoesía |
| 650 | 1 | 4 |
_2LEMB _aEmociones _vPoesía |
| 700 | 1 |
_aHacker, Jorge _etraductor _973280 |
|
| 942 |
_2loc _cBKLIT |
||
| 264 |
_aBuenos Aires _bAdriana Hidalgo editora _c2008 |
||
| 336 |
_atexto _btxt _2rdacontent |
||
| 337 |
_asin mediación _bn _2rdamedia |
||
| 338 |
_avolumen _bnc _2rdacarrier |
||
| 040 |
_aCO-BoRNBP _bspa _erda _cCO-BoRNBP |
||
| 084 | _aP BRE6 | ||
| 999 |
_c7019 _d7019 |
||